Central Library OPAC University of Rajshahi

আলী (রা.) এর সাহিত্য প্রতিভা / (Record no. 74287)

MARC details
000 -LEADER
fixed length control field 00863nam a2200229 a 4500
001 - CONTROL NUMBER
control field 74287
003 - CONTROL NUMBER IDENTIFIER
rucl marc code BD-RjUL
005 - DATE AND TIME OF LATEST TRANSACTION
control field 20211209082531.0
008 - FIXED-LENGTH DATA ELEMENTS--GENERAL INFORMATION
fixed length control field 180527s2018 bg ||||| b||| 00| 0 ben d
035 ## - SYSTEM CONTROL NUMBER
System control number (BD-RjUL)74505
040 ## - CATALOGING SOURCE
Original cataloging agency BD-RjUL
Language of cataloging eng
Transcribing agency BD-RjUL
041 ## - LANGUAGE CODE
Language code of text/sound track or separate title ben
082 ## - DEWEY DECIMAL CLASSIFICATION NUMBER
Edition number 23
Classification number 892.708
Author mark and year HUA 2018
100 1# - MAIN ENTRY--PERSONAL NAME
Personal name হুসাইন, মুহা. বিলাল
9 (RLIN) 221493
245 10 - TITLE STATEMENT
Title আলী (রা.) এর সাহিত্য প্রতিভা /
Statement of responsibility, etc. মুহা. বিলাল হুসাইন,
260 ## - PUBLICATION, DISTRIBUTION, ETC. (IMPRINT)
Place of publication, distribution, etc. রাজশাহী :
Name of publisher, distributor, etc. হামিদা পাব,
Date of publication, distribution, etc. ২০১৮
300 ## - PHYSICAL DESCRIPTION
Pagination ৬, ১৭০ পৃ. ;
Size ২২ সেমি.
504 ## - BIBLIOGRAPHY, ETC. NOTE
Bibliography, etc গ্রন্থপঞ্জি সংযোজিত
650 ## - SUBJECT ADDED ENTRY--TOPICAL TERM
Topical term or geographic name as entry element আরবী সাহিত্য
9 (RLIN) 221494
Topical term or geographic name as entry element Arabic Literature
9 (RLIN) 221495
942 ## - ADDED ENTRY ELEMENTS (KOHA)
Source of classification or shelving scheme Dewey Decimal Classification
Koha item type Books
Holdings
Lost status Source of classification or shelving scheme Damaged status Not for loan Collection code Permanent Location Current Location Shelving location Date acquired Source of acquisition Cost, normal purchase price Total Checkouts Full call number Date last seen Copy number Koha item type Date checked out
  Dewey Decimal Classification   Not For Loan Non-fiction Central Library, University of Rajshahi Central Library, University of Rajshahi Reading Room 13/05/2018 Author 200.00   B 892.708 HUA 2018 27/05/2018 C-1 Books  
  Dewey Decimal Classification     Non-fiction Central Library, University of Rajshahi Central Library, University of Rajshahi   13/05/2018 Author 200.00   B 892.708 HUA 2018 27/05/2018 C-2 Books  
  Dewey Decimal Classification     Non-fiction Central Library, University of Rajshahi Central Library, University of Rajshahi   13/05/2018 Author 200.00 1 B 892.708 HUA 2018 11/03/2019 C-3 Books 20/02/2019
  Dewey Decimal Classification     Non-fiction Central Library, University of Rajshahi Central Library, University of Rajshahi   13/05/2018 Author 200.00 1 B 892.708 HUA 2018 24/02/2019 C-4 Books 17/02/2019
  Dewey Decimal Classification     Non-fiction Central Library, University of Rajshahi Central Library, University of Rajshahi   13/05/2018 Author 200.00   B 892.708 HUA 2018 27/05/2018 C-5 Books